Eastern Utah Libraries Catalog: Duchesne, Heber, Roosevelt, & Vernal

Sleepless. (Record no. 322257)

MARC details
000 -LEADER
fixed length control field 03111cam a2200649Mi 4500
001 - CONTROL NUMBER
control field on1097204699
003 - CONTROL NUMBER IDENTIFIER
control field OCoLC
005 - DATE AND TIME OF LATEST TRANSACTION
control field 20200320222209.0
008 - FIXED-LENGTH DATA ELEMENTS--GENERAL INFORMATION
fixed length control field 180731m20189999orua d 6 000 1 eng d
020 ## - INTERNATIONAL STANDARD BOOK NUMBER
International Standard Book Number 9781534306844
Qualifying information (volume 1)
-- (paperback)
020 ## - INTERNATIONAL STANDARD BOOK NUMBER
International Standard Book Number 1534306846
Qualifying information (volume 1)
-- (paperback)
020 ## - INTERNATIONAL STANDARD BOOK NUMBER
International Standard Book Number 9781534310582
Qualifying information (volume 2)
-- (paperback)
020 ## - INTERNATIONAL STANDARD BOOK NUMBER
International Standard Book Number 1534310584
Qualifying information (volume 2)
-- (paperback)
035 ## - SYSTEM CONTROL NUMBER
System control number (OCoLC)1097204699
040 ## - CATALOGING SOURCE
Original cataloging agency ANK
Language of cataloging eng
Description conventions rda
Transcribing agency ANK
Modifying agency OCLCO
-- OCLCF
-- WACOL
049 ## - LOCAL HOLDINGS (OCLC)
Holding library WACL
082 14 - DEWEY DECIMAL CLASSIFICATION NUMBER
Classification number 741.5973
092 ## - LOCALLY ASSIGNED DEWEY CALL NUMBER (OCLC)
Classification number YA GRAPHIC
Item number VAU
092 ## - LOCALLY ASSIGNED DEWEY CALL NUMBER (OCLC)
Classification number young adult
Item number Vau
100 1# - MAIN ENTRY--PERSONAL NAME
Personal name Vaughn, Sarah,
Relator term author.
9 (RLIN) 6012831
245 10 - TITLE STATEMENT
Title Sleepless.
Number of part/section of a work Volume 1 /
Statement of responsibility, etc Sarah Vaughn, writer ; Leila del Duca, artist ; Alissa Sallah, editor & colors ; Deron Bennett, letters.
246 3# - VARYING FORM OF TITLE
Title proper/short title Sleepless.
264 #1 - Production, Publication, Distribution, Manufacture, and Copyright Notice.
Place of production, publication, distribution, manufacture Portland, OR :
Name of producer, publisher, distributor, manufacturer Image Comics, Inc.,
Date of production, publication, distribution, manufacture, or copyr [2018]-
300 ## - PHYSICAL DESCRIPTION
Extent volumes :
Other physical details color illustrations ;
Dimensions 26 cm
336 ## - Content Type
Content type term text
336 ## - Content Type
Content type term still image
337 ## - Media type
Media type term unmediated
338 ## - Carrier type
Carrier type term volume
588 ## -
-- Description based on volume 1.
500 ## - GENERAL NOTE
General note Volume 1: Collects issues 1-6. Volume 2: Collects issues 7-11.
520 ## - SUMMARY, ETC.
Summary, etc "Lady "Poppy" Pyppenia is guarded by the Sleepless Knight Cyrenic but becomes endangered when an assassin threatens her life in the new king's reign. As Poppy and Cyrenic try to discover who wants her dead, they must navigate the dangerous waters of life at court and of their growing feelings for one another"--
-- provided by publisher.
521 ## - TARGET AUDIENCE NOTE
Target audience note Rated T+, teen plus.
521 ## - TARGET AUDIENCE NOTE
Target audience note young adult fiction
Source amazon
650 #0 - SUBJECT ADDED ENTRY--TOPICAL TERM
Topical term or geographic name as entry element Nobility
Form subdivision Comic books, strips, etc.
-- Juvenile fiction.
9 (RLIN) 6012832
650 #0 - SUBJECT ADDED ENTRY--TOPICAL TERM
Topical term or geographic name as entry element Assassins
Form subdivision Comic books, strips, etc.
-- Juvenile fiction.
9 (RLIN) 6012833
650 #0 - SUBJECT ADDED ENTRY--TOPICAL TERM
Topical term or geographic name as entry element Princesses
Form subdivision Comic books, strips, etc.
-- Juvenile fiction.
9 (RLIN) 6012834
650 #0 - SUBJECT ADDED ENTRY--TOPICAL TERM
Topical term or geographic name as entry element Knights and knighthood
Form subdivision Comic books, strips, etc.
-- Juvenile fiction.
9 (RLIN) 6012835
650 #7 - SUBJECT ADDED ENTRY--TOPICAL TERM
Topical term or geographic name as entry element Assassins.
Source of heading or term fast
-- (OCoLC)fst00818974
9 (RLIN) 6012836
650 #7 - SUBJECT ADDED ENTRY--TOPICAL TERM
Topical term or geographic name as entry element Knights and knighthood.
Source of heading or term fast
-- (OCoLC)fst00988113
9 (RLIN) 6012837
650 #7 - SUBJECT ADDED ENTRY--TOPICAL TERM
Topical term or geographic name as entry element Nobility.
Source of heading or term fast
-- (OCoLC)fst01038255
9 (RLIN) 6012838
650 #7 - SUBJECT ADDED ENTRY--TOPICAL TERM
Topical term or geographic name as entry element Princesses.
Source of heading or term fast
-- (OCoLC)fst01076505
9 (RLIN) 6012839
655 #7 - INDEX TERM--GENRE/FORM
Genre/form data or focus term Fantasy comics.
Source of term lcgft
9 (RLIN) 5706606
655 #7 - INDEX TERM--GENRE/FORM
Genre/form data or focus term Graphic novels.
Source of term lcgft
9 (RLIN) 6012840
655 #7 - INDEX TERM--GENRE/FORM
Genre/form data or focus term Comics (Graphic works)
Source of term lcgft
9 (RLIN) 5689343
655 #0 - INDEX TERM--GENRE/FORM
Genre/form data or focus term Young adult fiction.
9 (RLIN) 6012841
655 #7 - INDEX TERM--GENRE/FORM
Genre/form data or focus term Comics (Graphic works)
Source of term fast
-- (OCoLC)fst01921613
9 (RLIN) 5689343
655 #7 - INDEX TERM--GENRE/FORM
Genre/form data or focus term Fantasy comics.
Source of term fast
-- (OCoLC)fst01921655
9 (RLIN) 5706606
655 #7 - INDEX TERM--GENRE/FORM
Genre/form data or focus term Fiction.
Source of term fast
-- (OCoLC)fst01423787
9 (RLIN) 5673940
655 #7 - INDEX TERM--GENRE/FORM
Genre/form data or focus term Graphic novels.
Source of term fast
-- (OCoLC)fst01726630
9 (RLIN) 6012840
655 #7 - INDEX TERM--GENRE/FORM
Genre/form data or focus term Young adult works.
Source of term fast
-- (OCoLC)fst01726790
9 (RLIN) 5723197
700 1# - ADDED ENTRY--PERSONAL NAME
Personal name Del Duca, Leila,
Relator term artist.
9 (RLIN) 6012842
700 1# - ADDED ENTRY--PERSONAL NAME
Personal name Sallah, Alissa,
Relator term editor
-- colorist.
9 (RLIN) 6012843
942 ## - ADDED ENTRY ELEMENTS (KOHA)
Koha item type BOOK
948 ## - LOCAL PROCESSING INFORMATION (OCLC); SERIES PART DESIGNATOR (RLIN)
Series part designator, SPT (RLIN) 10/10/2019
b (OCLC) 10/21/2019
z (OCLC) Sirsi
994 ## -
-- C0
-- WACOL
996 ## -
-- 171064
-- 34301001597592
-- YA
-- bk
-- wcl
-- i
-- 3
-- 16.99
-- amazon
-- Vau
-- 10/10/2019
-- 01/28/2020
-- 01/07/2020
Holdings
Withdrawn status Lost status Source of classification or shelving scheme Damaged status Not for loan Collection code Home library Current library Shelving location Date acquired Source of acquisition Cost, normal purchase price Serial Enumeration / chronology Total Checkouts Total Renewals Full call number Barcode Date last seen Date checked out Cost, replacement price Price effective from Koha item type
    Dewey Decimal Classification     Young Adult Graphic Novels Wasatch County Library Wasatch County Library First Floor 10/10/2019 Amazon 16.99 #1 6 5 YA GN Vaughn 34301001597592 02/26/2024 02/06/2024 16.99 03/20/2020 BOOK
This project was made possible through a grant from the Institute of Museum and Library Service administered by the Utah State Library Division.

Wasatch County Library

  • 465 East 1200 South, Heber City, Utah 84032
  • Phone 435-654-1511 | Fax 435-654-6456

Hours

  • Monday - Friday 9:30 AM - 8:00 PM
  • Saturday 9:30 AM - 1:30 PM
  • Closed Sundays and Holidays